The handbook of competency mapping : (Record no. 132162)

MARC details
000 -LEADER
fixed length control field 00871nam a22002537a 4500
003 - CONTROL NUMBER IDENTIFIER
control field 0
005 - DATE AND TIME OF LATEST TRANSACTION
control field 20180709155746.0
008 - FIXED-LENGTH DATA ELEMENTS--GENERAL INFORMATION
fixed length control field 0
010 ## - LIBRARY OF CONGRESS CONTROL NUMBER
LC control number B-127801
020 ## - INTERNATIONAL STANDARD BOOK NUMBER
Terms of availability 240.00
International Standard Book Number 076199842X
035 ## - SYSTEM CONTROL NUMBER
System control number B-127801,B-127802
037 ## - SOURCE OF ACQUISITION
Source of stock number/acquisition Cen Lib/Ret
040 ## - CATALOGING SOURCE
Original cataloging agency DPL
Language of cataloging EN
Transcribing agency 0
082 ## - DEWEY DECIMAL CLASSIFICATION NUMBER
Classification number 658.4012
Item number SAN
100 ## - MAIN ENTRY--PERSONAL NAME
Personal name Sanghi, Seema
9 (RLIN) 33869
245 ## - TITLE STATEMENT
Title The handbook of competency mapping :
Statement of responsibility, etc by Seema Sanghi
Remainder of title understanding, designing and implementing competency models in organizations /
260 ## - PUBLICATION, DISTRIBUTION, ETC. (IMPRINT)
Place of publication, distribution, etc New Delhi
Name of publisher, distributor, etc Sage Publications
Date of publication, distribution, etc 2004
270 ## - ADDRESS
Address B-42, Panchsheel enclave
City New Delhi
Postal code 110017
300 ## - PHYSICAL DESCRIPTION
Extent xviii,142p.
Dimensions 19cm(pbk)
500 ## - GENERAL NOTE
General note Includes bibliographical references and index
650 ## - SUBJECT ADDED ENTRY--TOPICAL TERM
Topical term or geographic name as entry element Organizational effectiveness
9 (RLIN) 15439
650 ## - SUBJECT ADDED ENTRY--TOPICAL TERM
Topical term or geographic name as entry element BUSINESS & ECONOMICS -- Strategic Planning
9 (RLIN) 33870
942 ## - ADDED ENTRY ELEMENTS (KOHA)
Source of classification or shelving scheme Dewey Decimal Classification
Koha item type English Books
Classification part 658.4012
Call number suffix SAN
Holdings
Withdrawn status Lost status Damaged status Not for loan Home library Current library Date acquired Source of acquisition Cost, normal purchase price Total Checkouts Full call number Barcode Date last seen Copy number Cost, replacement price Price effective from Koha item type Source of classification or shelving scheme Collection code
        Central Library Central Library 21/07/2015 Cen Lib/Ret 240.00   658.4012 SAN B-127801 21/07/2015 1 240.00 21/07/2015 English Books    
        Patel Nagar Patel Nagar 09/07/2018 BPPD/PUB 240.00   658.4012 SAN B-127802 09/07/2018   240.00 09/07/2018 English Books Dewey Decimal Classification Non-fiction

© Delhi Public Library
Hit Counter
free hit counter